| 000 | 00653nam a2200205 a 4500 | ||
|---|---|---|---|
| 999 |
_c1369 _d1369 |
||
| 001 | 9079 | ||
| 003 | BD-DhUAP | ||
| 005 | 20200206102851.0 | ||
| 008 | 200206s2006 bg 00| 0 eng d | ||
| 040 |
_aDLC _cDLC _dBD-DhUAP _bEng |
||
| 082 | 0 | 0 |
_223 _a344.549201 BAN |
| 245 | 1 | 0 |
_aBangladesh labour and industrial law : _bas modified up-to-date / _cCompiled and edited by Aftab Ahmed Khan. |
| 250 | _aStudents' ed. | ||
| 260 |
_aDhaka : _bUdayan Library, _cc2006. |
||
| 300 |
_a541 pages ; _c22 cm. |
||
| 650 | 0 |
_aLabor laws and legislation _zBangladesh. |
|
| 700 | _aKhan, Aftab Ahmed. | ||
| 942 |
_2ddc _cBK |
||